000 00209 a2200097 4500
001 14001
100 _aGielgud Sir J
245 _aThe cherry orchard
260 _aLondon
_bHeinemann
_c
090 _c10961
_d10961
942 _aNUST-CAE
_cM
_c1071
999 _c249074
_d249074